From wealth to welfare (Record no. 44067)
[ view plain ]
| 000 -LEADER | |
|---|---|
| fixed length control field | 00510nam a2200145 a 4500 |
| 008 - FIXED-LENGTH DATA ELEMENTS--GENERAL INFORMATION | |
| fixed length control field | 120416s1950 ||||||||||||||||| || u |
| 050 ## - LIBRARY OF CONGRESS CALL NUMBER | |
| Classification number | HM 276 Gir |
| 100 ## - MAIN ENTRY--PERSONAL NAME | |
| Personal name | Girverts, Harry K, 1910- |
| 245 10 - TITLE STATEMENT | |
| Title | From wealth to welfare |
| 246 ## - VARYING FORM OF TITLE | |
| Title proper/short title | the evolution of liberalism |
| 260 ## - PUBLICATION, DISTRIBUTION, ETC. | |
| Place of publication, distribution, etc. | Stanford |
| Name of publisher, distributor, etc. | Stanford U.P |
| Date of publication, distribution, etc. | 1950 |
| 300 ## - PHYSICAL DESCRIPTION | |
| Extent | xiii, 323p. |
| 350 ## - PRICE (NR) (BK AM CF MU VM SE) [OBSOLETE] | |
| Price | 0.00 |
| 995 ## - RECOMMENDATION 995 [LOCAL, UNIMARC FRANCE] | |
| -- | 0.00 |
| -- | CBU-MAIN LIBRARY (Kitwe) |
| -- | 1 |
| -- | 0.00 |
| -- | AVAILABLE |
| -- | Annex Low-Usage Collection |
| Withdrawn status | Lost status | Source of classification or shelving scheme | Damaged status | Not for loan | Home library | Current library | Shelving location | Date acquired | Total Checkouts | Full call number | Barcode | Date last seen | Price effective from | Koha item type |
|---|---|---|---|---|---|---|---|---|---|---|---|---|---|---|
| CBU-MAIN LIBRARY, KITWE. | CBU-MAIN LIBRARY, KITWE. | 11/30/2022 | HM 276 Gir | 008874 | 11/30/2022 | 11/30/2022 | MONOGRAPH |